000
00272nam a22001217a 4500
041
_a
ENG
100
_a
Kumar .P
245
_a
Managing Energy Efficently in Hotas And Commeral Buings
260
_a
Delhi
_b
Teri
_c
2002
300
_a
148
650
_a
EOES
856
_u
EOES
999
_c
2647
_d
2647